| 000 | 01269nam a22001577a 4500 | ||
|---|---|---|---|
| 041 | _aukr | ||
| 080 | _a09 | ||
| 090 | _bКЛИ | ||
| 100 | _aКлимчук О.В. | ||
| 245 | _aКонцепт щастя в англомовній картині світу | ||
| 260 |
_aОстрог _bКАФ _c2009 |
||
| 300 | _a44 | ||
| 520 |
_aВСТУП
РОЗДІЛ 1 ВИЗНАЧЕННЯ ПОНЯТТЯ "КОНЦЕПТ"
1.1 Дослідження поняття "концепт" у лінгвістичній науці та генезис терміну.
1.2 Когнітивна лінгвістика та когнітивна структура концепту.
1.3 Сутність прислівя та його аналіз як когнітивної одиниці.
РОЗДІЛ 2 АНАЛІЗ КОНЦЕПТУ ЩАСТЯ В АНГЛІЙСЬКІЙ МОВІ
2.1 Структура концепту щастя в англійській мові.
2.2 Лексична одиниця happiness як основа концепту щастя.
2.3 Англійські та українські прислівя як складова концепту щастя.
ВИСНОВКИ _0концепт, щастя, прислівя. |
||
| 650 | _aResearch Papers | ||
| 999 |
_c284132 _d284132 |
||
| 942 | _cBK | ||